[Event "Seville-ch (Women)/U18"]
[Site "Seville"]
[Date "2024.09.22"]
[Round "3"]
[White "Medina Carrasco, Jose Andres"]
[Black "Ramirez Guerrero, Enrique"]
[Result "1-0"]
[WhiteElo "1915"]
[BlackElo "1963"]
[PlyCount "69"]
[EventDate "2024.09.08"]
[EventType "swiss"]
[EventRounds "8"]
[EventCountry "ESP"]
[SourceTitle "EXT 2025"]
[Source "ChessBase"]
[SourceDate "2024.10.14"]
[SourceVersion "1"]
[SourceVersionDate "2024.10.14"]
[SourceQuality "1"]

1. e4 e6 2. Qe2 Nc6 3. Nf3 e5 4. c3 d5 5. exd5 Qxd5 6. d4 Bg4 7. Nbd2 0-0-0 8. Qc4 exd4 9. Qxd5 Rxd5 10. Bc4 Rd7 11. cxd4 Bxf3 12. Nxf3 Bb4+ 13. Bd2 Nf6 14. 0-0-0 a6 15. Bxb4 Nxb4 16. Ne5 Re7 17. Nxf7 Rf8 18. Ng5 Nbd5 19. Nxh7 Nxh7 20. Bxd5 Rxf2 21. Bf3 Ng5 22. Rhf1 Rxf1 23. Rxf1 Nxf3 24. Rxf3 Rd7 25. Rf8+ Rd8 26. Rxd8+ Kxd8 27. Kd2 Ke7 28. Ke3 a5 29. Ke4 Ke6 30. h4 c6 31. g4 b6 32. h5 Kf6 33. Kf4 c5 34. g5+ Kf7 35. dxc5 1-0

[Event "Pontevedra op 11th"]
[Site "Pontevedra"]
[Date "2023.07.25"]
[Round "3"]
[White "Medina Carrasco, Jose Andres"]
[Black "Bouza Brey Teijeiro, Gonzalo"]
[Result "1/2-1/2"]
[WhiteElo "1986"]
[BlackElo "1845"]
[PlyCount "124"]
[EventDate "2023.07.24"]
[EventType "swiss"]
[EventRounds "9"]
[EventCountry "ESP"]
[SourceTitle "EXT 2024"]
[Source "ChessBase"]
[SourceDate "2023.10.10"]
[SourceVersion "1"]
[SourceVersionDate "2023.10.10"]
[SourceQuality "1"]

1. e4 e5 2. Nf3 Nf6 3. Nc3 Bb4 4. Bc4 Bxc3 5. dxc3 d6 6. Qe2 0-0 7. Bg5 c6 8. Rd1 Qe7 9. h3 Be6 10. 0-0 Nbd7 11. Rfe1 b5 12. Bxe6 Qxe6 13. Qd2 Ne8 14. Nh4 f6 15. Be3 Nb6 16. b3 Rd8 17. Nf5 d5 18. Bc5 Rf7 19. Qe3 Rfd7 20. Ng3 dxe4 21. Rxd7 Nxd7 22. Nxe4 Nxc5 23. Nxc5 Qd5 24. Nd3 Rd7 25. f4 Re7 26. fxe5 fxe5 27. Nxe5 Nf6 28. Qd4 Nd7 29. Qxd5+ cxd5 30. Nd3 Rxe1+ 31. Nxe1 Nc5 32. Nf3 Ne4 33. c4 dxc4 34. bxc4 bxc4 35. Ne5 Nc3 36. a3 Ne2+ 37. Kf2 Nd4 38. c3 Nb5 39. Nxc4 Nxc3 40. Ke3 Kf7 41. Kd4 Ne2+ 42. Kc5 Nf4 43. Ne3 Ke6 44. Kb5 Ke5 45. Ka6 Ke4 46. Nc4 Nxg2 47. a4 Kd5 48. Nd2 Kc5 49. a5 Kb4 50. Nb3 Kxb3 51. Kxa7 Ne3 52. a6 Nc4 53. Kb8 Kb4 54. Kc7 Kb5 55. a7 Nb6 56. Kd6 Ka6 57. Ke6 Kxa7 58. Kf7 g5 59. Kf6 h6 60. Kg6 Nd5 61. Kxh6 Nf4 62. Kxg5 Nxh3+ 1/2-1/2